• 首页
  • 本馆介绍
  • 公告通知
  • 最新文献
  • 馆藏检索
  • 电子资源
  • 读者导购
  • 参考咨询
  • 我的图书馆
  • 登录
  • 详细信息显示
  • 放入我的书架
  • 预约/预借图书
  • 作者相关作品
  • 分类相关作品
  • 丛书相关作品
  • 出版社相关作品

书目信息

  • 表格格式
  • 工作单格式
  • 卡片格式
题名:
民间石雕
    
 
作者: 王抗生 , 段建华 编著
分册:  
出版信息: 北京   中国轻工业出版社  2005
页数: 139页
开本: 19cm
丛书名: 中国民间工艺风采丛书
单 册:
中图分类: J323
科图分类:
主题词: 石雕 , 雕塑史 , 石雕--雕塑史--中国--图集
电子资源:
ISBN: 7-5019-4548-9
000 00952oam2 2200301 450
001 060000022966
005 20051209102752.00
010    @a7-5019-4548-9@dCNY36.00
092    @aCN
100    @a20050321d2005 ekmy0chiy0120 ea
101 0  @achi
102    @aCN@b110000
105    @aa z 000yy
200 1  @a民间石雕@9min jian shi diao@f王抗生,段建华编著@Fwang kang sheng,duan jian hua bian zhu
210    @a北京@c中国轻工业出版社@d2005
215    @a139页@c图@d19cm
225 2  @a中国民间工艺风采丛书
330    @a本书向读者介绍了中国石雕艺术源流、民间石雕的主要品种、流派等,从透雕、圆雕和浮雕三部分提供了二百多张精美的图片。
410  0 @12001 @a中国民间工艺风采丛书
606 0  @a石雕
606 0  @a雕塑史
606 0  @a石雕@x雕塑史@y中国@j图集
690    @aJ323@v4
701  0 @a王抗生@Awang kang sheng@4编著
701  0 @a段建华@Aduan jian hua@4编著
801  0 @aCN@bCXYBOOK@c20051209
905    @a10447@dJ323@e4
999    @aZXL@eDF
    
    民间石雕/王抗生,段建华编著.-北京:中国轻工业出版社,2005
    139页:图;19cm.-(中国民间工艺风采丛书)
    
    
    ISBN 7-5019-4548-9:CNY36.00
    本书向读者介绍了中国石雕艺术源流、民间石雕的主要品种、流派等,从透雕、圆雕和浮雕三部分提供了二百多张精美的图片。
●
相关链接 在E读中查询图书 在五车中查询图书 在当当中查询图书 在豆瓣中查询图书


正题名:民间石雕     索取号:J323/4         预约/预借

序号 登录号 条形码 馆藏地/架位号 状态 备注
1 0370757   203707578   第一样本阅览室/ [索取号:J323/4] 在馆    
2 0370758   203707587   第一借阅区/ [索取号:J323/4] 在馆    
3 0370759   203707596   第一借阅区/ [索取号:J323/4] 在馆    
4 0370760   203707603   第一借阅区/ [索取号:J323/4] 在馆    
唐山师范学院图书馆 欢迎您!
大连网信软件有限公司© 版权所有